Soil and water conservation needs inventory of Mills County, Texas /

Bibliographic Details
Corporate Author: Mills County, Texas. Conservation Needs Committee
Format: Book
Language:English
Published: [Goldthwaite, Texas] : [Mills County State Bank], 1970.
Subjects:

MARC

Tag First Indicator Second Indicator Subfields
LEADER 00000cam a2200000 4500
001 in00000990658
005 20150927160937.0
008 900510s1970 txuabf 00010 eng d
035 |a (OCoLC)21503508 
035 |9 AEY5275AM 
040 |a TXA  |c TXA  |d UtOrBLW 
049 1 |a TXA2 
090 |a S624.T4  |b M55 1970 
110 1 |a Mills County, Texas.  |b Conservation Needs Committee. 
245 1 0 |a Soil and water conservation needs inventory of Mills County, Texas /  |c compiled by Mills County Conservation Needs Committee. 
264 1 |a [Goldthwaite, Texas] :  |b [Mills County State Bank],  |c 1970. 
300 |a 2 parts :  |b graphs, maps, plates, tables ;  |c 28 cm. 
336 |a text  |b txt  |2 rdacontent 
337 |a unmediated  |b n  |2 rdamedia 
338 |a volume  |b nc  |2 rdacarrier 
500 |a Participating agencies: Soil Conservation Service, Agricultural Stabilization and Conservation Service [and others] 
500 |a Pt. 1 sponsored by Mills County State Bank, Goldthwaite, Texas. 
500 |a Title of pt. 2: Conservation needs inventory report, Mills County, Texas. 
650 0 |a Soil conservation  |z Texas  |z Mills County. 
650 0 |a Land use  |z Texas  |z Mills County. 
650 0 |a Soils  |z Texas  |z Mills County. 
999 |a MARS 
999 f f |s 0ebbb500-ccc3-3ac2-84d7-ee1c60d512a1  |i 5b2f8074-1480-32ef-b209-10b058bb01da  |t 0 
952 f f |p ric  |a Texas A&M University  |b Rellis Campus  |c Joint Library Facility  |s JLF  |d Remote Storage  |t 0  |e S624.T4 M55 1970  |h Library of Congress classification  |i unmediated -- volume  |k pt.1  |m A14814770753 
998 f f |a S624.T4 M55 1970  |s pt.1  |t 0  |l Remote Storage